Statistiques concernant Paroles - Besoin d'amour - France Gall - Starmania

Cliquez ici pour prendre le quiz!

Statistiques générales

  • Ce quiz a été pris 121 fois
  • Le résultat moyen est 210 sur 241

Statistiques - réponses

Réponse% Correct
besoin
100%
d'amour
100%
a
97%
j'ai
97%
de
92%
la
92%
comme
88%
au
86%
le
86%
un
86%
des
82%
du
80%
sur
80%
terre
78%
mon
77%
pour
76%
son
76%
que
75%
les
74%
soleil
74%
secours
72%
lune
70%
dans
67%
nuit
67%
peu
67%
laser
66%
rayon
66%
été
65%
mer
65%
regard
65%
ses
65%
croisé
64%
ont
64%
quelque
61%
briller
60%
juste
60%
nus
60%
ciel
59%
part
59%
ailleurs
58%
étoiles
58%
envie
56%
voler
56%
avec
55%
lui
53%
lumière
53%
projetée
53%
ailes
50%
d'air
50%
airs
48%
danser
48%
d'eau
48%
l'oiseau
48%
pieds
45%
marcher
42%
planer
40%
musique
39%

Distribution des résultats

Percentile par nombre de réponses

% des personnes avec chaque résultat

Votre développement - résultats

Vous n’avez pas pris ce quiz